| 000 | 00347nam a22001337a 4500 | ||
|---|---|---|---|
| 999 |
_c533728 _d533728 |
||
| 020 | _a978-0470112663 | ||
| 040 | _cMSOHAIL | ||
| 082 |
_a620.104 _bKAR |
||
| 100 |
_aDean C. Karnopp ; Donald L. Margolis _927691 |
||
| 245 | _aEngineering Applications of Dynamics | ||
| 260 |
_aCanada _bJohn Willey _cc2008 |
||
| 300 | _a417;pxv | ||
| 942 |
_2ddc _cBK |
||